Traduction Français/Anglais : V.3. Nature - Statistiques

Statistiques générales
  • Ce quiz a été pris 6 fois
  • Le résultat moyen est 10 sur 50
Statistiques - réponses
Hint Réponse % Correct
un papillon a butterfly
100%
un cafard a cockroach
100%
un pêcheur a fisherman
100%
une forêt a forest
100%
une colline a hill
100%
un chasseur a hunter
100%
une méduse a jellyfish
100%
une feuille a leaf
100%
un rondin, une bûche a log
100%
un singe (petit) a monkey
100%
un moustique a mosquito
100%
un tremblement de terre an earthquake
100%
une île an island
100%
un chêne an oak
100%
un hibou an owl
100%
un perroquet a parrot
100%
une rivière, un fleuve a river
100%
un serpent a snake
100%
une araignée a spider
100%
un écureuil a squirrel
100%
une vallée a valley
100%
plat flat
100%
rare rare
100%
timide shy
100%
attraper, prendre to catch
100%
inonder to flood
100%
rugir to roar
100%
secouer to shake
100%
abattre, tirer to shoot
100%
déchirer to tear
100%
sauvage wild
100%
la lave lava
67%
une chauve-souris a bat
50%
un chameau a camel
50%
une falaise a cliff
50%
un dauphin a dolphin
50%
un plateau a plateau
50%
une scie a saw
50%
plonger to dive
50%
pêcher to fish
50%
siffler to whistle
50%
le thon tuna
50%
un blaireau a badger
0%
une rive, un bord, un banc de sable a bank
0%
une baie a bay
0%
une plage a beach
0%
un bec a beak
0%
un ours a bear
0%
un hêtre a beech
0%
un scarabée a beetle
0%
une baie a berry
0%
un bouleau a birch
0%
un merle a blackbird
0%
un boa constricteur a boa constrictor
0%
une planche a board
0%
une branche a branch
0%
un lieu de reproduction a breeding ground
0%
une perruche a budgerigar
0%
un buffle a buffalo
0%
une punaise a bug
0%
un buisson, un arbuste a bush
0%
un cap a cape
0%
une chenille a caterpillar
0%
une tronçonneuse a chainsaw
0%
une châtaigne a chestnut
0%
une griffe a claw
0%
une clairière a clearing
0%
une côte a coast
0%
une toile d'araignée a cobweb
0%
une coque a cockle
0%
un conifère a conifer
0%
un récif de corail a coral reef
0%
un cormoran a cormorant
0%
une grue a crane
0%
une plante grimpante a creeper
0%
une corneille a crow
0%
en activité active
0%
un petit (lion, etc.) a cub
0%
un désert a desert
0%
une biche a doe
0%
une libellule a dragonfly
0%
une sécheresse a drought
0%
un croc a fang
0%
une faille a fault
0%
un faon a fawn
0%
une plume a feather
0%
une nageoire a fin
0%
un sapin a fir
0%
un lieu de pêche a fishing ground
0%
une puce a flea
0%
une inondation a flood
0%
une mouche a fly
0%
une empreinte a footprint
0%
un renard a fox
0%
une grenouille a frog
0%
un garde-chasse a gamekeeper
0%
une réserve de chasse a game reserve
0%
une girafe a giraffe
0%
un poisson rouge a goldfish
0%
une couleuvre a grass snake
0%
un golfe a gulf
0%
un lièvre a hare
0%
un faucon a hawk / a falcon
0%
une noisette a hazelnut
0%
une lande a heath / a moor
0%
une haie a hedge
0%
un marron (nier ) a horse chestnut
0%
un chien de chasse a hound
0%
un ouragan a hurricane
0%
un chacal a jackal
0%
une mâchoire a jaw
0%
un kangourou a kangaroo
0%
une coccinelle a ladybird
0%
un lac a lake
0%
un glissement de terrain a landslide
0%
une alouette a lark
0%
une corniche, un rebord a ledge
0%
un lion(ne) a lion(ess)
0%
un lézard a lizard
0%
un homard a lobster
0%
un pou a louse /( pl : lice )
0%
un bûcheron a lumberjack
0%
une pie a magpie
0%
un érable a maple
0%
un marais a marsh
0%
un marsupial a marsupial
0%
un oiseau migratoire a migratory bird
0%
une taupe a mole
0%
une chaîne de montagnes a mountain range
0%
une coulée de boue a mudslide
0%
un champignon a mushroom
0%
une moule a mussel
0%
une vipère an adder
0%
un albatros an albatross
0%
une fourmi an ant
0%
une fourmilière an anthill
0%
un singe anthropoïde an ape
0%
un archipel an archipelago
0%
une hache an axe
0%
un aigle an eagle
0%
une anguille an eel
0%
un éléphant an elephant
0%
un orme an elm
0%
une éruption an eruption
0%
un filet a net
0%
un arbre à feuilles persistantes an evergreen
0%
un rossignol a nightingale
0%
une pieuvre an octopus
0%
une autruche an ostrich
0%
une huître an oyster
0%
une meute a pack
0%
une perdrix a partridge
0%
une patte a paw
0%
un pic, une cime a peak
0%
un pingouin/ un manchot a penguin
0%
une péninsule a peninsula
0%
une perche a perch
0%
un faisan a pheasant
0%
un brochet a pike
0%
une pomme de pin a pine cone
0%
une plaine a plain
0%
un platane a plane tree
0%
un braconnier a poacher
0%
un peuplier a poplar
0%
une crevette a prawn
0%
un promontoire a promontory
0%
un lapin a rabbit
0%
un serpent à sonnette a rattlesnake
0%
un corbeau a raven
0%
un rouge-gorge a robin
0%
un chevreuil a roe deer
0%
une racine a root
0%
un jeune arbre a sapling
0%
une sardine a sardine
0%
une coquille Saint-Jacques a scallop
0%
une mouette a (sea) gull
0%
un phoque a seal
0%
un requin a shark
0%
des cendres ashes
0%
une rive a shore
0%
un piège a snare
0%
un moineau a sparrow
0%
un calmar a squid
0%
un cerf a stag
0%
un étourneau a starling
0%
une cigogne a stork
0%
un détroit a strait
0%
un ruisseau a stream
0%
un sommet a summit
0%
une hirondelle a swallow
0%
un marécage a swamp
0%
un cygne a swan
0%
un têtard a tadpole
0%
un tentacule a tentacle
0%
une grive a thrush
0%
un raz-de-marée a tidal wave
0%
une marée a tide
0%
un tigre(sse) a tiger/tigress
0%
un crapaud a toad
0%
une tortue a tortoise
0%
un piège, un collet a trap
0%
un chalut a trawl
0%
un chalutier a trawler
0%
un arbre a tree
0%
une secousse a tremor
0%
une truite a trout
0%
un tronc a trunk
0%
une tortue a turtle
0%
un rameau a twig
0%
un typhon a typhoon
0%
un volcan a volcano
0%
un vautour a vulture
0%
une noix a walnut
0%
un morse a walrus
0%
une guêpe a wasp
0%
une vague a wave
0%
une belette a weasel
0%
une baleine a whale
0%
un sanglier a wild boar
0%
une région sauvage a wilderness
0%
une aile a wing
0%
un loup a wolf
0%
un bois a wood
0%
un ver a worm
0%
l'écorce bark
0%
les oiseaux birds
0%
les oiseaux de proie birds of prey
0%
le charbon de bois charcoal
0%
un peu agité choppy
0%
le cabillaud cod
0%
le liège cork
0%
malin cunning
0%
à feuilles caduques deciduous
0%
profond deep
0%
les cervidés deer
0%
le déboisement deforestation
0%
dense, épais dense
0%
désolé, désert desolate
0%
en sommeil dormant
0%
le duvet down
0%
le flux et le reflux ebb and flow
0%
l'ébène ebony
0%
comestible edible
0%
en voie de disparition endangered
0%
éteint extinct
0%
disparu extinct
0%
féroce fierce / ferocious
0%
le bois de chauffage firewood
0%
les poissons fish
0%
la pêche fishing
0%
de poisson, louche fishy
0%
le feuillage foliage
0%
la chasse au renard fox-hunting
0%
frais (fraîchement) fresh
0%
poissons d'eau douce fresh water fish
0%
la fourrure fur
0%
à poil ( gibier ) furry
0%
le gibier game
0%
la verdure greenery
0%
inoffensif harmless
0%
la bruyère heather
0%
le hareng herring
0%
accidenté hilly
0%
la chasse à courre hunting
0%
inhospitalier inhospitable
0%
le lierre ivy
0%
irrégulier, déchiqueté jagged
0%
élevé lofty
0%
l'abattage logging
0%
la marée basse low tide
0%
le maquereau mackerel
0%
l'acajou mahogany
0%
marécageux marshy
0%
montagneux mountainous
0%
nocif noxious
0%
la surpêche overfishing
0%
envahi overgrown
0%
le pin pine /(wood)
0%
le braconnage poaching
0%
vénéneux poisonous
0%
puissant, (puissamment) powerful
0%
épineux prickly / thorny
0%
tranquille quiet
0%
isolé remote
0%
rocheux, rocailleux rocky
0%
agité rough
0%
le saumon salmon
0%
sablonneux sandy
0%
la sève sap
0%
peu profond shallow
0%
la chasse shooting
0%
silencieux silent
0%
qui sent mauvais smelly
0%
lisse, calme (ment) smooth
0%
clairsemé sparse
0%
rayé striped
0%
grand, haut tall
0%
le teck teak
0%
les arêtes the bones
0%
la brousse the bush
0%
la prise the catch
0%
la marée descendante the ebb tide
0%
la jungle the jungle
0%
la mise à mort the kill
0%
Le milieu naturel The natural habitat
0%
la forêt tropicale the rainforest
0%
la forêt tropicale the rainforest
0%
l'échelle de Richter the Richter Scale
0%
la savane the savannah
0%
les écailles the scales
0%
La mer The sea
0%
une étendue déserte The wild
0%
le bois d'œuvre timber
0%
se poser to alight
0%
appâter to bait
0%
mordre to bite
0%
bourdonner to buzz
0%
emporter to carry along
0%
couper à la hache to chop
0%
ramper to creep / to crawl
0%
croasser to croak
0%
se tapir, se cacher to crouch
0%
pourrir to decay
0%
dévorer to devour
0%
plonger to dive
0%
se noyer to drown
0%
se dessécher, tarir to dry up
0%
entrer en éruption to erupt
0%
abattre to fell
0%
flotter to float
0%
couler to flow
0%
prendre son essor, planer to flutter
0%
pousser / faire pousser, cultiver to grow
0%
grogner to grunt
0%
siffler (serpent) to hiss
0%
sautiller to hop
0%
fondre to hover
0%
hurler to howl
0%
se précipiter (petits animaux) to lurk
0%
nicher to nest
0%
déborder to overflow
0%
picorer to peck
0%
empoisonner to poison
0%
trembler to quake
0%
naviguer to sail
0%
scier to saw
0%
voleter to scurry
0%
rétrécir to shrink
0%
sombrer to sink
0%
étouffer to smother
0%
voltiger to soar
0%
fendre to split
0%
piquer to sting
0%
téter, sucer to suck
0%
avaler to swallow
0%
grossir to swell
0%
nager to swim
0%
piquer to swoop
0%
piéger to trap
0%
gazouiller to twitter
0%
qui n'est pas défiguré unspoilt
0%
venimeux venomous
0%
méfiant wary
0%
La faune Wildlife
0%
boisé wooded
0%
de/en bois wooden
0%
Aucun quiz correspondant
Distribution des résultats
% des personnes avec chaque résultat
Percentile par nombre de réponses
Votre historique - résultats
Vous n’avez pas pris ce quiz